000 00373nam a2200157Ia 4500
003 Ost
005 20260225132539.0
008 260225s9999||||xx |||||||||||||| ||und||
040 _cfsic
041 _afre
082 _a341.6
100 _aBérangére taxil
_eAuteur
245 0 _aL'O.M.C et les pays en développement /
245 0 _cBérangére taxil
942 _cكتاب
999 _c33396
_d33396